| 000 | 00751nam a2200253 a 4500 | ||
|---|---|---|---|
| 001 | BRL_1273 | ||
| 005 | 20190320211125.0 | ||
| 008 | 171213t1974----u--a######---#000-0#eng-# | ||
| 020 | _a0873581083 | ||
| 041 | _aeng | ||
| 044 | _au | ||
| 050 | 4 |
_aE99 _b.B46 1974 |
|
| 100 | 1 |
_aBennett, Noël _d1939- _926339 |
|
| 245 | 1 | 0 |
_aThe weaver’s pathway _ba clarification of the ´spirit trail´ in Navajo weaving _cNoël Bennett. |
| 260 |
_aFlagstaff _bNorthland Press _c1974 |
||
| 300 |
_axiii, 64 p. _bil. _c25 cm. |
||
| 500 | _aAu1665 | ||
| 500 | _aEstado físico: Camisa rota de la parte superior. | ||
| 504 | _aBibliografía: p. 63-64. | ||
| 650 | 1 | 4 |
_aTelas navajo _926340 |
| 650 | 1 | 4 |
_aTextiles navajo _926341 |
| 902 | _aGRL | ||
| 942 |
_2lcc _cB |
||
| 999 |
_c10085 _d10085 |
||